• 首页
  • 本馆介绍
  • 公告通知
  • 最新文献
  • 馆藏检索
  • 电子资源
  • 读者导购
  • 参考咨询
  • 我的图书馆
  • 登录
  • 详细信息显示
  • 放入我的书架
  • 预约/预借图书
  • 作者相关作品
  • 分类相关作品
  • 丛书相关作品
  • 出版社相关作品

书目信息

  • 表格格式
  • 工作单格式
  • 卡片格式
题名:
高等数学基础
    
 
作者: 陈荩民 编
分册: 下册  
出版信息: 北京   人民教育出版社  1981
页数: 472页
开本: 19cm
丛书名:
单 册:
中图分类: O143
科图分类:
主题词: 高等数学--高等学校--教学参考资料 , 数学基础 , 数理逻辑
电子资源:
ISBN:
000 00687nam0 2200253 45
001 0178005692
005 20060722091814.71
010    @dCNY1.10
091    @a13012.0597
100    @a19950725d1981 em y0chiy0121 ea
101 0  @achi
102    @aCN@b110000
105    @ay z 000yy
200 10 @a高等数学基础@AGao Deng Shu Xue Ji Chu@h下册@f陈荩民等编@Fchen jin min deng bian
210    @a北京@c人民教育出版社@d1981
215    @a472页@d19cm
300    @a高等数学教学参考书
606    @a高等数学@x高等学校@x教学参考资料
606 0  @a数学基础
606 0  @a数理逻辑
690    @aO143@v4
701  0 @a陈荩民@Achen jin min@4编
801  0 @aCN@bNLC@c20060722
905    @dO143@e14:2
    
    高等数学基础.下册/陈荩民等编.-北京:人民教育出版社,1981
    472页;19cm
    高等数学教学参考书
    
    ISBN :CNY1.10
    
●
相关链接 在E读中查询图书 在五车中查询图书 在当当中查询图书 在豆瓣中查询图书


正题名:高等数学基础     索取号:O143/14:2         预约/预借

序号 登录号 条形码 馆藏地/架位号 状态 备注
1 0054454   001931306   第三借阅区/ [索取号:O143/14:2] 在馆    
2 0054455   202258243   密集书库/ [索取号:O143/14:2] 在馆    
3 0054457   202258092   密集书库/ [索取号:O143/14:2] 在馆    
4 0054460   202257994   密集书库/ [索取号:O143/14:2] 在馆    
5 0088081   202258056   密集书库/ [索取号:O143/14:2] 在馆    
6 0088085   202258323   密集书库/ [索取号:O143/14:2] 在馆    
7 0088086   000408945   第二样本阅览室/ [索取号:O143/14:2] 在馆    
8 0088089   000408936   第三借阅区/ [索取号:O143/14:2] 在馆    
9 0429712   204297126   密集书库/ [索取号:O143/14:2] 在馆    
10 0429713   204297135   密集书库/ [索取号:O143/14:2] 在馆    
11 0430657   204306571   密集书库/ [索取号:O143/14:2] 在馆    
唐山师范学院图书馆 欢迎您!
大连网信软件有限公司© 版权所有